Maurice /

সংরক্ষণ করুন:
গ্রন্থ-পঞ্জীর বিবরন
প্রধান লেখক: Forster, Edward Morgan (লেখক)
বিন্যাস: গ্রন্থ
ভাষা:ইতালিয়
প্রকাশিত: Milano : Garzanti, 1983
মালা:Le mosche bianche
ট্যাগগুলো: ট্যাগ যুক্ত করুন
কোনো ট্যাগ নেই, প্রথমজন হিসাবে ট্যাগ করুন!

MARC

LEADER 00000nam a22000007i 4500
001 IT\ICCU\CFI\0002728
003 ItRI
005 20260124121932.0
008 851109s1983 it |||||| ||||| |||||c
040 |b ita  |c Arcigay Queer VdA 
041 7 |a ita  |2 ISO-639-2 
082 |a 823.912  |2 23 
100 1 |a Forster, Edward Morgan  |0 IT\ICCU\CFIV\002137  |4 aut 
240 1 0 |a Maurice. -  |9 Forster, E. M. 
245 1 0 |a Maurice /  |c E. M. Forster. 
260 |a Milano :  |b Garzanti,  |c 1983 
300 |a 316 p. ;  |c 22 cm. 
830 3 |a Le mosche bianche  |0 IT\ICCU\CFI\0002729 
942 |2 ddc  |c BK 
952 |0 0  |1 0  |2 ddc  |4 0  |6 823_912000000000000_FOR_MAU  |7 1  |9 4036  |a AO  |b AO  |d 2025-04-29  |l 0  |o 823.912 FOR MAU  |p 11221  |r 2025-04-29 10:52:10  |w 2025-04-29  |x Di proprietà di Giulio Gasperini  |y BK 
952 |0 0  |1 0  |4 0  |6 DOC_823_000000000000000_FOR  |7 0  |9 23070  |a BO  |b BO  |d 2026-01-15  |i 107  |l 0  |o DOC 823 FOR  |p BO107  |r 2026-01-15 23:22:44  |w 2026-01-15  |x [Sebina 5] [1 v.]  |y BK  |z 1 v. 
999 |c 3133  |d 3133